<?xml version="1.0" encoding="UTF-8"?>
<collection xmlns="http://www.loc.gov/MARC21/slim">
 <record>
  <leader>01167nam a2200229 i 4500</leader>
  <controlfield tag="001">1/19611</controlfield>
  <controlfield tag="008">000720s1999    gr       b    00110 gre  </controlfield>
  <datafield tag="020" ind1=" " ind2=" ">
   <subfield code="a">9603447730</subfield>
  </datafield>
  <datafield tag="035" ind1=" " ind2=" ">
   <subfield code="l">20182</subfield>
  </datafield>
  <datafield tag="040" ind1=" " ind2=" ">
   <subfield code="a">GR-PeUP</subfield>
  </datafield>
  <datafield tag="082" ind1="0" ind2="0">
   <subfield code="a">330.12209495 TO</subfield>
  </datafield>
  <datafield tag="100" ind1="1" ind2=" ">
   <subfield code="a">Τόλιος, Γιάννης.</subfield>
  </datafield>
  <datafield tag="245" ind1="1" ind2="0">
   <subfield code="a">Συγκέντρωση κεφαλαίου :</subfield>
   <subfield code="b">οικονομικοί όμιλοι και οικονομική ελίτ. Βιομηχανία, αγροτικός τομέας /</subfield>
   <subfield code="c">Γιάννης Τόλιος</subfield>
  </datafield>
  <datafield tag="260" ind1=" " ind2=" ">
   <subfield code="a">Αθήνα :</subfield>
   <subfield code="b">ελληνικά Γράμματα,</subfield>
   <subfield code="c">1999</subfield>
  </datafield>
  <datafield tag="300" ind1=" " ind2=" ">
   <subfield code="a">600 σ. :</subfield>
   <subfield code="b">πιν. ;</subfield>
   <subfield code="c">24 εκ.</subfield>
  </datafield>
  <datafield tag="504" ind1=" " ind2=" ">
   <subfield code="a">Περιέχει βιβλιογραφία</subfield>
  </datafield>
  <datafield tag="650" ind1=" " ind2="4">
   <subfield code="a">Κεφαλαιοκρατία</subfield>
   <subfield code="z">Ελλάδα.</subfield>
  </datafield>
  <datafield tag="650" ind1=" " ind2="4">
   <subfield code="a">Κεφαλαιοκράτες και χρηματοδότες</subfield>
   <subfield code="z">Ελλάδα.</subfield>
  </datafield>
  <datafield tag="650" ind1=" " ind2="4">
   <subfield code="a">Βιομηχανία.</subfield>
  </datafield>
  <datafield tag="650" ind1=" " ind2="4">
   <subfield code="a">Γεωργία</subfield>
   <subfield code="x">Οικονομικές απόψεις</subfield>
   <subfield code="z">Ελλάδα.</subfield>
  </datafield>
  <datafield tag="852" ind1=" " ind2=" ">
   <subfield code="a">INST</subfield>
   <subfield code="b">UNIPILB</subfield>
   <subfield code="c">MAIN</subfield>
   <subfield code="e">20040709</subfield>
   <subfield code="h">330.12209495 TO</subfield>
   <subfield code="p">00139854</subfield>
   <subfield code="q">00139854</subfield>
   <subfield code="t">LOAN</subfield>
   <subfield code="y">0</subfield>
   <subfield code="4">1</subfield>
  </datafield>
  <datafield tag="852" ind1=" " ind2=" ">
   <subfield code="a">INST</subfield>
   <subfield code="b">UNIPILB</subfield>
   <subfield code="c">MAIN</subfield>
   <subfield code="e">20040709</subfield>
   <subfield code="h">330.12209495 TO</subfield>
   <subfield code="p">00139970</subfield>
   <subfield code="q">00139970</subfield>
   <subfield code="t">LOAN</subfield>
   <subfield code="y">0</subfield>
   <subfield code="4">2</subfield>
  </datafield>
 </record>
</collection>
